Možnosti diverzifikácie podnikania na vidieku v záujme riešenia zamestnanosti

Salvato in:
Dettagli Bibliografici
Autore principale: Buday, Štefan
Natura: Libro
Lingua:slovacco
Pubblicazione: Bratislava Výskumný ústav ekonomiky poľnohospodárstva a potravinárstva 2008
Serie:Štúdia č. 133/2008
Soggetti:
Tags: Aggiungi Tag
Nessun Tag, puoi essere il primo ad aggiungerne!!

MARC

LEADER 00000nam$a2200000$$$4500
001 0073496
005 20240223110302.1
020 |a 978-80-8058-476-4 
041 0 |a slo 
044 |a SK 
245 1 0 |a Možnosti diverzifikácie podnikania na vidieku v záujme riešenia zamestnanosti  |c Štefan Buday ... [et al.] 
264 1 |a Bratislava  |b Výskumný ústav ekonomiky poľnohospodárstva a potravinárstva  |c 2008 
300 |a 73 s. 
490 1 |a Štúdia  |v č. 133/2008 
830 0 |a Štúdia  |v č. 133/2008 
610 2 0 |a vidiek 
610 2 0 |a rozvoj trvalo udržateľný 
610 2 0 |a diverzifikácia 
610 2 0 |a regióny 
610 2 0 |a politika poľnohospodárska 
610 2 0 |a politika štruktúrna 
610 2 0 |a činnosť hospodárska 
610 2 0 |a podnikanie 
610 2 0 |a zamestnanosť 
610 2 0 |a zárobky 
610 2 0 |a pôda poľnohospodárska 
610 2 0 |a projekty 
610 2 0 |a analýzy 
610 2 0 |a Slovensko 
100 1 |a Buday, Štefan